|
|
|
|
| LEADER |
01520nam a22003374a 4500 |
| 001 |
28693 |
| 003 |
BD-DhAAL |
| 005 |
20150119145234.0 |
| 008 |
141221s2006 dcuab b 001 0 eng |
| 010 |
|
|
|a 2005034290
|
| 020 |
|
|
|a 1559630906 (cloth : alk. paper)
|
| 020 |
|
|
|a 1559630914 (pbk. : alk. paper)
|
| 020 |
|
|
|a 9781559630900
|
| 035 |
|
|
|a (OCoLC)ocm62342779
|
| 040 |
|
|
|a DLC
|c DLC
|d BAKER
|d C#P
|d YDXCP
|d OCLCQ
|d DLC
|d BD-DhAAL
|
| 042 |
|
|
|a pcc
|
| 043 |
|
|
|a n-us-hi
|
| 050 |
0 |
0 |
|a QL696.P2367
|b W35 2006
|
| 082 |
0 |
0 |
|a 333.95/8864
|2 22
|
| 100 |
1 |
|
|a Walters, Mark Jerome.
|9 6881
|
| 245 |
1 |
0 |
|a Seeking the sacred raven :
|b politics and extinction on a Hawaiian Island /
|c Mark Jerome Walters.
|
| 260 |
|
|
|a Washington :
|b Island Press/Shearwater Books,
|c c2006.
|
| 300 |
|
|
|a 293 p. :
|b ill., map ;
|c 23 cm.
|
| 504 |
|
|
|a Includes bibliographical references (p. 253-284) and index.
|
| 541 |
|
|
|e 28693
|
| 650 |
|
0 |
|a Hawaiian crow.
|9 6882
|
| 650 |
|
0 |
|a Hawaiian crow
|x Conservation
|x Political aspects.
|9 6883
|
| 942 |
|
|
|2 ddc
|c BK
|
| 999 |
|
|
|c 33318
|d 33318
|
| 952 |
|
|
|0 0
|1 0
|2 ddc
|4 0
|6 333_958864000000000_WAL
|7 0
|9 44500
|a BRACUL
|b BRACUL
|c GEN
|d 2014-12-21
|e BRAC Institute of Language (BIL)
|l 0
|o 333.958864 WAL
|p 3010028693
|r 2014-12-21
|t 1
|w 2014-12-21
|y BK
|x Transferred from BIL to BRACUL on 06/06/22
|
| 952 |
|
|
|0 0
|1 0
|2 ddc
|4 0
|6 333_958864000000000_WAL
|7 0
|9 44501
|a BRACUL
|b BRACUL
|c GEN
|d 2014-12-21
|e BRAC Institute of Language (BIL)
|l 0
|o 333.958864 WAL
|p 3010028717
|r 2014-12-21
|t 2
|w 2014-12-21
|y BK
|x Transferred from BIL to BRACUL on 06/06/22
|